000 00317 a2200157 4500
001 174491
020 _a
040 _cMagnum
100 _aMazzetti, Maria
240 1 0 _aO casacao magico
_lpor
245 1 0 _aO casacao magico
362 0 _a1899
440 1 _aRecord
697 _aI/FADAS, FANTASIA
942 _cBK
999 _c174491
_d174491